Jsou evropské banky připraveny na globální ceny?

Štúdia World retail banking report 2004 odhaľuje výsledky výskumu realizovaného v 11 ekonomicky vyspelých krajinách a porovnáva ceny účtované bankami drobným klientom na základné bankové služby. Dva kľúčové faktory tvorby cien. Hlavné zistenia štúdie. Metodika štúdie. Cenové rozdiely v podobných kra...

Descripción completa

Guardado en:
Detalles Bibliográficos
Formato: Capítulo de libro
Lenguaje:checo
Materias:
Etiquetas: Agregar Etiqueta
Sin Etiquetas, Sea el primero en etiquetar este registro!

MARC

LEADER 00000naa$a2200000$$$4500
001 0010734
005 20231010083038.6
041 0 |a cze 
044 |a CZ 
245 1 0 |a Jsou evropské banky připraveny na globální ceny? 
520 |a Štúdia World retail banking report 2004 odhaľuje výsledky výskumu realizovaného v 11 ekonomicky vyspelých krajinách a porovnáva ceny účtované bankami drobným klientom na základné bankové služby. Dva kľúčové faktory tvorby cien. Hlavné zistenia štúdie. Metodika štúdie. Cenové rozdiely v podobných krajinách. Rozpätie úrokových sadzieb na depozitá a úvery v porovnaní s poplatkami za základné služby v roku 2003. Podiel štyroch najväčších bánk na domácom trhu podľa krajín. 
610 2 0 |a banky 
610 2 0 |a služby bankové 
610 2 0 |a ceny 
610 2 0 |a poplatky 
610 2 0 |a tvorba cien 
610 2 0 |a krajiny vyspelé 
610 2 0 |a štúdie